|
|
|
|
| LEADER |
01271pam a22003378a 4500 |
| 001 |
00042238 |
| 005 |
20180925100911.0 |
| 008 |
110811s2010 ||||||viesd |
| 020 |
# |
# |
|c 35000
|a 978 604 0 07578 9
|
| 041 |
0 |
# |
|a vie
|
| 082 |
1 |
4 |
|a 372.21
|b B450C
|
| 245 |
0 |
0 |
|a Bộ công cụ theo dõi, đánh giá sự phát triển của trẻ 5 tuổi
|b theo bộ chuẩn phát triển trẻ em 5 tuổi
|c Nguyễn Thị Kim Ánh; Trần Thị Quốc Minh...[và nh. ng. khác]
|
| 250 |
# |
# |
|a Tái bản lần thứ 1
|
| 260 |
# |
# |
|a Hà Nội
|b Giáo dục
|c 2016
|
| 300 |
# |
# |
|a 126 tr.
|b hình vẽ, bảng
|c 24 cm.
|
| 650 |
# |
4 |
|a Giáo dục mẫu giáo
|
| 650 |
# |
4 |
|a Sách giáo viên
|
| 653 |
# |
# |
|a Công cụ
|
| 653 |
# |
# |
|a Mầm Non
|
| 653 |
# |
# |
|a Đánh giá
|
| 653 |
# |
# |
|a Trẻ em
|
| 653 |
# |
# |
|a Phát triển
|
| 700 |
1 |
# |
|a Bùi, Thị Việt
|
| 700 |
1 |
# |
|a Cao, Văn Thống
|
| 700 |
1 |
# |
|a Huỳnh , Văn Sơn
|
| 700 |
1 |
# |
|a Nguyễn, Thị Kim Ánh
|
| 700 |
1 |
# |
|a Võ, Thị Tường Vy
|
| 700 |
1 |
# |
|a Trần, Thị Quốc Minh
|
| 852 |
# |
# |
|j KD.0024689
|j KM.0025939
|j KM.0025940
|
| 910 |
|
|
|d 30/08/2018
|
| 980 |
# |
# |
|a Trung tâm Học liệu Lê Vũ Hùng, Trường Đại học Đồng Tháp
|